000 00974nam a2200241 i 4500
001 93907
003 ES-MaACL
005 20250806074224.0
007 t|
008 050422s1976 sp ||||1| spa d
100 1 _aLópez Piñero, José María.
_973895
245 1 0 _aMedicina moderna y sociedad española
_b: (siglos XVI-XIX) /
_cJosé María López Piñero.
260 _aValencia :
_bCátedra e Instituto de Historia de la Medicina,
_c1976.
300 _a326 p. ;
_c21 cm.
490 1 _aCuadernos valencianos de historia de la medicina y de la ciencia ;
_v19
650 4 _aMedicina-
_zEspaña-
_yS.XVI-XVIII.
_9172502
650 7 _aMedicina-
_zEspaña-
_yS.XIX
_2
_9147760
650 7 _aMedicina y sociedad
_2embne
_9172503
710 2 _aUniversidad de Valencia.
_bCátedra de Historia de la Medicina.
_97315
830 1 0 _aCuadernos valencianos de historia de la medicina y de la ciencia
_v19
_9181644
852 _aES-MaACL
_jA-6350
999 _c93907
_d93907